000 00488nam a2200181Ia 4500
008 230524s9999 xx 000 0 und d
020 _a9788131502068
082 _a658.12
_bING
100 _aThomas N.Ingram
245 0 _aSales Management
250 _aIST
260 _aNEW DELHI
_bCengage
_c2009
300 _aSAL
500 _aQuantity Number: 4
650 _aManagement
700 _a" Raymond W.Laforge, Ramon A.Avila,Charles H.Schwepker , Michael R.Williams,"
942 _cBK
999 _c46021
_d46021